Une lettre suffit pour répondre juste #61 (attention 10 lettres tuent) - Statistiques

Statistiques générales
  • Ce quiz a été pris 96 fois
  • Le résultat moyen est 3 sur 6
Statistiques - réponses
Hint Réponse % Correct
Donne une des 5 lettres qui compose le nom de ce kinder en photo : Kinder _ _ _ _ _
BUENO
100%
Donne une des 4 lettres qui complète les paroles du début de la chanson "Quand la musique est bonne" de Jean-Jacques Goldman : J'ai trop saigné sur les Gibson J'ai trop rôdé dans les Tobacco road Y'a plus qu'les caisses qui me résonnent Et quand j'me casse, j'voyage toujours en fraude Des champs d'coton dans ma mémoire Trois not' d'blues c'est un peu d'amour noir Quand j'suis trop court, quand j'suis trop ???? TARD
63%
Donne une des 3 lettres qui complète le nom de cette émission TV des années 80 : _ _ _ TONIC
GYM
51%
Donne une des 2 lettres qui désigne rapidement le genre littéraire et artistique qui décrit un état futur du monde en extrapolant les données de la science ou de la technologie : ?.-? SF (science-fiction)
36%
Donne la première lettre des deux villes qui ont comme code postal respectif 29000 et 29300 Q (Quimper et Quimperlé)
17%
Donne la lettre qui désigne - le personnage principal du film Fourmiz (film d'animation de 1998 : avec la Voix de Woody Allen en VO) - un film franco-algérien de Costa-Gavras, sorti en 1969 - la fin du titre du film de James Gray, sorti en 2016 : The Lost City of ? Z
12%
Aucun quiz correspondant
Distribution des résultats
% des personnes avec chaque résultat
Percentile par nombre de réponses
Votre historique - résultats
Vous n’avez pas pris ce quiz